Normal view
MARC view
- Carl Q Howard; Benjamin S Cazzolato
Entry Personal Name
001 - CONTROL NUMBER
- control field: 9263
003 - CONTROL NUMBER IDENTIFIER
- control field: NUST
005 - DATE AND TIME OF LATEST TRANSACTION
- control field: 20180120150847.0
008 - FIXED-LENGTH DATA ELEMENTS
- fixed length control field: 180120|| aca||aabn | a|a d
040 ## - CATALOGING SOURCE
- Original cataloging agency: NUST
- Transcribing agency: NUST
100 ## - HEADING--PERSONAL NAME
- Personal name: Carl Q Howard; Benjamin S Cazzolato
670 ## - SOURCE DATA FOUND
- Source citation: Work cat.: (NUST)327484: Carl Q Howard; Benjamin S Cazzolato, Acoustic Analyses Using MATLAB and ANSYS, 2015
